<?xml version="1.0" encoding="UTF-8"?>
<record
    xmlns:xsi="http://www.w3.org/2001/XMLSchema-instance"
    xsi:schemaLocation="http://www.loc.gov/MARC21/slim http://www.loc.gov/standards/marcxml/schema/MARC21slim.xsd"
    xmlns="http://www.loc.gov/MARC21/slim">

  <leader>03139cam a22004454i 4500</leader>
  <controlfield tag="003">PE-LiUPU</controlfield>
  <controlfield tag="005">20250731165424.0</controlfield>
  <controlfield tag="008">160126s2015    pe a   grm    000 0 spa d</controlfield>
  <datafield tag="035" ind1=" " ind2=" ">
    <subfield code="a">(Sirsi) a155825</subfield>
  </datafield>
  <datafield tag="040" ind1=" " ind2=" ">
    <subfield code="a">PE-LiUPU</subfield>
    <subfield code="b">spa</subfield>
    <subfield code="c">PE-LiUPU</subfield>
    <subfield code="e">rda</subfield>
  </datafield>
  <datafield tag="099" ind1=" " ind2=" ">
    <subfield code="a">TIS 3</subfield>
    <subfield code="b">P12 2015</subfield>
  </datafield>
  <datafield tag="100" ind1="1" ind2=" ">
    <subfield code="a">Pacco Palomino, Rodolfo</subfield>
    <subfield code="e">autor</subfield>
  </datafield>
  <datafield tag="245" ind1="1" ind2=" ">
    <subfield code="a">An&#xE1;lisis predictivo basado en redes neuronales no supevisadas aplicando algoritmo de K-MEDIAS y Crisp-DM para pron&#xF3;stico de riesgo de morosidad de los alumnos en la Universidad Peruan Uni&#xF3;n /</subfield>
    <subfield code="c">Rodolfo Pacco Palomino.</subfield>
  </datafield>
  <datafield tag="264" ind1=" " ind2="0">
    <subfield code="c">2015.</subfield>
  </datafield>
  <datafield tag="300" ind1=" " ind2=" ">
    <subfield code="a">87 hojas : </subfield>
    <subfield code="b">ilustraciones;</subfield>
    <subfield code="c">30 cm</subfield>
  </datafield>
  <datafield tag="336" ind1=" " ind2=" ">
    <subfield code="a">text</subfield>
    <subfield code="2">rdacontent</subfield>
  </datafield>
  <datafield tag="337" ind1=" " ind2=" ">
    <subfield code="a">unmediated</subfield>
    <subfield code="2">rdamedia</subfield>
  </datafield>
  <datafield tag="338" ind1=" " ind2=" ">
    <subfield code="a">volume</subfield>
    <subfield code="2">rdacarrier</subfield>
  </datafield>
  <datafield tag="502" ind1=" " ind2=" ">
    <subfield code="a">Tesis</subfield>
    <subfield code="b">(Mg.) -- </subfield>
    <subfield code="c">Universidad Peruana Uni&#xF3;n,</subfield>
    <subfield code="d">2015.</subfield>
  </datafield>
  <datafield tag="504" ind1=" " ind2=" ">
    <subfield code="a">Incluye referencias</subfield>
  </datafield>
  <datafield tag="520" ind1="3" ind2=" ">
    <subfield code="a">El presente trabajo de investigaci&#xF3;n de tesis desarrolla los indicadores de gerencia financiera, capturados de la necesidad de los clientes, &#xE9;stos son modelados y desarrollados a trav&#xE9;s de las tecnolog&#xED;as de BA (Business Analytics), las cuales tienen el objetivo de mostrar los riesgos de morosidad. Este proyecto de investigaci&#xF3;n se ha desarrollado basado sobre redes neuronales y la metodolog&#xED;a CRISP-DM, para implementar e implantar el proyecto de BA (Business Analytics). Se ha hecho una optimizaci&#xF3;n del cielo de vida de la metodolog&#xED;a de CRISP-DM, seg&#xFA;n sus fases conocidas: comprensi&#xF3;n del negocio, comprensi&#xF3;n de los datos, preparaci&#xF3;n de datos, modelado, evaluaci&#xF3;n y despliegue. El caso de estudio es el tiempo de morosidad de los alumnos de la Universidad Peruana Uni&#xF3;n, formado por cinco facultades: Ingenier&#xED;a y Arquitectura, Ciencias de la Salud, Ciencias Empresariales, Ciencias Humanas y Educaci&#xF3;n y Tecnolog&#xED;a. Para este estudio, el principal responsable del negocio es la Universidad Peruana Uni&#xF3;n. En este proyecto de investigaci&#xF3;n de tesis se decide la herramienta de BI de Microsoft para el desarrollo de la soluci&#xF3;n y se elige la herramienta de Anaysis Services. Como la soluci&#xF3;n de inteligencia de negocios se dise&#xF1;a los modelos de cl&#xFA;ster, para la toma de decisi&#xF3;n, utilizando las herramientas integration services para realizar ETL (Extraction Transform and Loead). En esta investigaci&#xF3;n se explica ampliamente que la implementaci&#xF3;n de un proyecto, utilizando la herramienta analysis services, consiste diferentes etapas de BI, desde el an&#xE1;lisis de datos hasta los reportes de modelos de clasificaci&#xF3;n. Este proyecto servir&#xE1; como base para elaborar proyectos de esta naturaleza o similares.</subfield>
  </datafield>
  <datafield tag="526" ind1=" " ind2=" ">
    <subfield code="a">SEG44</subfield>
  </datafield>
  <datafield tag="526" ind1=" " ind2=" ">
    <subfield code="a">SEG26</subfield>
  </datafield>
  <datafield tag="526" ind1=" " ind2=" ">
    <subfield code="a">P151</subfield>
  </datafield>
  <datafield tag="526" ind1=" " ind2=" ">
    <subfield code="a">P150</subfield>
  </datafield>
  <datafield tag="526" ind1=" " ind2=" ">
    <subfield code="a">P149</subfield>
  </datafield>
  <datafield tag="526" ind1=" " ind2=" ">
    <subfield code="a">P146</subfield>
  </datafield>
  <datafield tag="526" ind1=" " ind2=" ">
    <subfield code="a">P145</subfield>
  </datafield>
  <datafield tag="526" ind1=" " ind2=" ">
    <subfield code="a">P126</subfield>
  </datafield>
  <datafield tag="526" ind1=" " ind2=" ">
    <subfield code="a">P125</subfield>
  </datafield>
  <datafield tag="526" ind1=" " ind2=" ">
    <subfield code="a">P92</subfield>
  </datafield>
  <datafield tag="526" ind1=" " ind2=" ">
    <subfield code="a">P75</subfield>
  </datafield>
  <datafield tag="526" ind1=" " ind2=" ">
    <subfield code="a">P74</subfield>
  </datafield>
  <datafield tag="526" ind1=" " ind2=" ">
    <subfield code="a">P27</subfield>
  </datafield>
  <datafield tag="526" ind1=" " ind2=" ">
    <subfield code="a">P15</subfield>
  </datafield>
  <datafield tag="650" ind1="1" ind2="4">
    <subfield code="a">Redes neuronales</subfield>
    <subfield code="v">Tesis.</subfield>
  </datafield>
  <datafield tag="596" ind1=" " ind2=" ">
    <subfield code="a">1</subfield>
  </datafield>
  <datafield tag="942" ind1=" " ind2=" ">
    <subfield code="2">ddc</subfield>
    <subfield code="c">TESIS</subfield>
  </datafield>
  <datafield tag="999" ind1=" " ind2=" ">
    <subfield code="a">TIS 3 P12 2015</subfield>
    <subfield code="w">ALPHANUM</subfield>
    <subfield code="c">8502</subfield>
    <subfield code="i">T01892</subfield>
    <subfield code="l">CCODEBUL3</subfield>
    <subfield code="m">BUL</subfield>
    <subfield code="r">1</subfield>
    <subfield code="s">Y</subfield>
    <subfield code="t">TESIS</subfield>
    <subfield code="u">2016-1-26</subfield>
    <subfield code="x">POSGRADO</subfield>
    <subfield code="P">P74</subfield>
    <subfield code="o">.STAFF. Tesis</subfield>
    <subfield code="d">8502</subfield>
  </datafield>
  <datafield tag="980" ind1=" " ind2=" ">
    <subfield code="8">1</subfield>
    <subfield code="g">ALBERTO SANCHEZ Responsable de Automatizaci&#xF3;n</subfield>
  </datafield>
  <datafield tag="952" ind1=" " ind2=" ">
    <subfield code="r">2022-07-06 00:00:00</subfield>
    <subfield code="l">0</subfield>
    <subfield code="o">TIS 3 P12 2015</subfield>
    <subfield code="p">T01892</subfield>
    <subfield code="t">e1</subfield>
    <subfield code="w">2016-01-26</subfield>
    <subfield code="x">PG</subfield>
    <subfield code="y">TESIS</subfield>
    <subfield code="z">Este &#xCD;tem NO se presta por ser Ejemplar #1.</subfield>
    <subfield code="1">0</subfield>
    <subfield code="2">ddc</subfield>
    <subfield code="7">1</subfield>
    <subfield code="8">TESIS</subfield>
    <subfield code="f">P74</subfield>
    <subfield code="a">BUL</subfield>
    <subfield code="b">BUL</subfield>
    <subfield code="c">TESIS</subfield>
    <subfield code="d">2016-01-26</subfield>
  </datafield>
</record>
